000 00221nam a22000857a 4500
008 160708b xxu||||| |||| 00| 0 eng d
100 _92416
_a Kohn, H.E
245 _aReflections
260 _aMichigan
_b William B.Eerdmans
_c1963
999 _c2091
_d2091